000
00486nam a2200133Ia 4500
008
100328s9999 xx 000 0 und d
082
_b
9158
100
_a
करमळकर भा.स.- संग्रा.
245
_a
नित्योपयोगी वास्तुपाठ
260
_b
उद्यम
630
_a
नित्योपयोगी वास्तुपाठ
730
_a
नित्योपयोगी वास्तुपाठ
942
_c
BOOK
999
_c
504874
_d
504871